Manual de estrategia
Sparad:
| Huvudupphovsman: | |
|---|---|
| Materialtyp: | Bok |
| Språk: | spanska |
| Publicerad: |
Valparaíso
Academia de Guerra Naval
1993
|
| Ämnen: | |
| Taggar: |
Lägg till en tagg
Inga taggar, Lägg till första taggen!
|
MARC
| LEADER | 00000nam a2200000 a 4500 | ||
|---|---|---|---|
| 001 | UCP8040 | ||
| 003 | CL-VaPUC | ||
| 008 | 000106e19930000CL |||||||||||||||||spa|d | ||
| 082 | 0 | 4 | |a 359.42 |b SOL |2 21 |
| 100 | 0 | |a Solís Oyarzún, Eri |e author |9 437862 | |
| 245 | 1 | 0 | |a Manual de estrategia |
| 300 | |a 2 v | ||
| 942 | |c BK | ||
| 945 | |d 20000106 00:00:00 |a crobeson | ||
| 260 | |a Valparaíso |b Academia de Guerra Naval |c 1993 | ||
| 500 | |a v.1: La guerra | ||
| 500 | |a v.2: Estrategia general | ||
| 650 | 7 | |a ESTRATEGIAS NAVALES |2 CL-VaPUC |9 391815 | |
| 650 | 0 | |a Operaciones militares |9 372045 | |
| 650 | 7 | |a POLITICA DE DEFENSA |2 CL-VaPUC |9 336840 | |
| 650 | 0 | |a Conflicto internacional |9 341259 | |
| 650 | 0 | |a Relaciones Internacionales |9 255740 | |
| 650 | 0 | |a Guerra |9 255876 | |
| 583 | |a last modification |c 20000106 00:00:00 |k Rodrigo Vera | ||
| 999 | |c 285075 |d 285073 | ||
| 952 | |0 0 |1 0 |4 0 |6 359_420000000000000_SOL_1993 |7 0 |8 A |9 329444 |a BIBHIS |b BIBHIS |d 2019-11-20 |h v.1 |i 1374621 |o 359.42 SOL 1993 |p 1374621 |r 2025-01-20 |w 2019-11-20 |y BK |k HIS | ||
| 952 | |0 0 |1 0 |4 0 |6 359_420000000000000_SOL_1993 |7 0 |8 A |9 329445 |a BIBHIS |b BIBHIS |d 2019-11-20 |h v.2 |i 137463K |o 359.42 SOL 1993 |p 137463K |r 2025-01-20 |w 2019-11-20 |y BK |k HIS | ||